Cultus (Registo nº 58)

Detalhes MARC
000 -Etiqueta do registo
Cabeçalho 00787nam0a22002891i 4500
005 - Identificador da versão
Campo de controlo 20240821122938.0
010 ## - Número internacional normalizado dos livros (ISBN)
Número (ISBN) 9727327087
021 ## - Número do Depósito Legal
Código do país PT
035 ## - Other System Control Numbers
System Control Number 0000061
System Control Number 0000061
System Control Number 0000061
System Control Number 0000061
100 ## - Dados gerais de processamento
Dados gerais de processamento 20041102d2001 m e0pory5003 ba
101 0# - Língua de publicação
Língua do texto, banda sonora, etc. Português
Língua do documento no original Português
102 ## - Pais de publicação ou produção
País de publicação Portugal
105 ## - Campo de dados codificados: livros
Dados codificados dos livros a z 001yy
106 ## - Campo de dados codificados: material textual
Dados codificados do material textual r
200 1# - Titulo e menção de responsabilidade
Título próprio Cultus
Informação de outro título O Mistério e o Maravilhoso nos artefactos portugueses
Primeira menção de responsabilidade António Júlio Vilarinho
205 ## - Menção da edição
Menção da edição 1a ed.
210 ## - Publicação, Distribuição, etc. 
Lugar da edição, distribuição, etc. Lisboa
Nome do editor, distribuidor, etc. Instituto do Emprego e Formação Profissional
Data da publicação, distribuição, etc. 2001
215 ## - Descrição física 
Indicação específica da natureza do documento e extensão da espécie 152 p.
Outras indicações físicas il.
606 ## - Nome comum usado como assunto
Número de registo de entrada de autoridade 0000158
Palavra de ordem Feira Internacional de Artesanato
Subdivisão de assunto Exposições (Catálogos)
675 ## - Classificação Decimal Universal (CDU)
Notação 745/749(469)(083.81)
Edição BN
Língua da edição por
942 ## - Elementos de entrada adicionados (Koha)
Tipo de item no Koha Livro
966 ## - Identificação da Biblioteca
Sigla NUMETECA
Exemplares
Situação do levantamento Origin of item (home branch) (coded) Biblioteca de empréstimo Código de barras Cota Circulation type (not for loan) Tipo de documento Nota do exemplar Damaged status
  Biblioteca Escolar Eng. Nuno Mergulhão Biblioteca Escolar Eng. Nuno Mergulhão BENM279 745/749   Livro Sem mensagem